<?xml version="1.0" encoding="UTF-8"?>
<record
    xmlns:xsi="http://www.w3.org/2001/XMLSchema-instance"
    xsi:schemaLocation="http://www.loc.gov/MARC21/slim http://www.loc.gov/standards/marcxml/schema/MARC21slim.xsd"
    xmlns="http://www.loc.gov/MARC21/slim">

  <leader>01280nam a2200289Ia 4500</leader>
  <controlfield tag="008">231114s2023    sp            000 0 spa d</controlfield>
  <datafield tag="041" ind1=" " ind2=" ">
    <subfield code="a">spa</subfield>
  </datafield>
  <datafield tag="111" ind1="2" ind2=" ">
    <subfield code="a">DIA INTERNACIONAL DE LA ELIMINACION DE LA VIOLENCIA CONTRA LA MUJER</subfield>
    <subfield code="d">2023</subfield>
    <subfield code="9">41118</subfield>
  </datafield>
  <datafield tag="245" ind1="1" ind2="0">
    <subfield code="a">#VamosAContarlo</subfield>
    <subfield code="b">: manifiesto [del] 25N 2023</subfield>
    <subfield code="c">/ Observatorio de Acoso Sexual y por Raz&#xF3;n de Sexo</subfield>
  </datafield>
  <datafield tag="260" ind1=" " ind2=" ">
    <subfield code="a">[Madrid] :</subfield>
    <subfield code="b">CCOO, Observatorio de Acoso Sexual y por Raz&#xF3;n de Sexo,</subfield>
    <subfield code="c">[2023]</subfield>
  </datafield>
  <datafield tag="300" ind1=" " ind2=" ">
    <subfield code="a">4 p.  ;</subfield>
    <subfield code="c"> 30 cm</subfield>
  </datafield>
  <datafield tag="500" ind1=" " ind2=" ">
    <subfield code="a">Manifiesto con motivo del 25N de 2023, D&#xED;a Internacional para la Eliminaci&#xF3;n de la Violencia contra las Mujeres</subfield>
  </datafield>
  <datafield tag="650" ind1=" " ind2="0">
    <subfield code="a">DIA INTERNACIONAL DE LA ELIMINACION DE LA VIOLENCIA CONTRA LA MUJER</subfield>
    <subfield code="9">10927</subfield>
  </datafield>
  <datafield tag="650" ind1=" " ind2="0">
    <subfield code="a">ACOSO SEXUAL</subfield>
    <subfield code="9">1670</subfield>
  </datafield>
  <datafield tag="650" ind1=" " ind2="0">
    <subfield code="a">MUJERES</subfield>
    <subfield code="9">199</subfield>
  </datafield>
  <datafield tag="650" ind1=" " ind2="0">
    <subfield code="a">VIOLENCIA</subfield>
    <subfield code="9">2442</subfield>
  </datafield>
  <datafield tag="650" ind1=" " ind2="0">
    <subfield code="a">VIOLENCIA EN EL TRABAJO</subfield>
    <subfield code="9">12233</subfield>
  </datafield>
  <datafield tag="650" ind1=" " ind2="0">
    <subfield code="a">DISCRIMINACION POR RAZONES DE SEXO</subfield>
    <subfield code="9">201</subfield>
  </datafield>
  <datafield tag="650" ind1=" " ind2="0">
    <subfield code="a">NI&#xD1;AS</subfield>
    <subfield code="9">10227</subfield>
  </datafield>
  <datafield tag="650" ind1=" " ind2="0">
    <subfield code="a">GUERRA</subfield>
    <subfield code="9">799</subfield>
  </datafield>
  <datafield tag="650" ind1=" " ind2="0">
    <subfield code="a">CONFLICTO ARMADO</subfield>
    <subfield code="9">35605</subfield>
  </datafield>
  <datafield tag="650" ind1=" " ind2="0">
    <subfield code="a">ACTITUD SINDICAL</subfield>
    <subfield code="9">61</subfield>
  </datafield>
  <datafield tag="710" ind1="2" ind2=" ">
    <subfield code="a">CCOO</subfield>
    <subfield code="b">Confederaci&#xF3;n Sindical</subfield>
    <subfield code="9">27927</subfield>
  </datafield>
  <datafield tag="710" ind1="2" ind2=" ">
    <subfield code="a">OBSERVATORIO DE ACOSO SEXUAL Y POR RAZON DE SEXO DE COMISIONES OBRERAS</subfield>
    <subfield code="9">38339</subfield>
  </datafield>
  <datafield tag="856" ind1=" " ind2=" ">
    <subfield code="z">PDF</subfield>
    <subfield code="u">https://docpublicos.ccoo.es/cendoc/067192Manifiesto25N.pdf</subfield>
  </datafield>
  <datafield tag="942" ind1=" " ind2=" ">
    <subfield code="c">DOCU_ELEC</subfield>
    <subfield code="2">ddc</subfield>
    <subfield code="n">0</subfield>
  </datafield>
  <datafield tag="999" ind1=" " ind2=" ">
    <subfield code="c">58544</subfield>
    <subfield code="d">58544</subfield>
  </datafield>
  <datafield tag="952" ind1=" " ind2=" ">
    <subfield code="0">0</subfield>
    <subfield code="1">0</subfield>
    <subfield code="2">ddc</subfield>
    <subfield code="4">0</subfield>
    <subfield code="7">0</subfield>
    <subfield code="a">CENDO</subfield>
    <subfield code="b">CENDO</subfield>
    <subfield code="d">2023-11-14</subfield>
    <subfield code="i">067192</subfield>
    <subfield code="l">0</subfield>
    <subfield code="p">2023-2188</subfield>
    <subfield code="r">2023-11-14 00:00:00</subfield>
    <subfield code="w">2023-11-14</subfield>
    <subfield code="y">DOCU_ELEC</subfield>
  </datafield>
</record>
